Thomas' Calculus (Record no. 541231)

000 -LEADER
fixed length control field 01643cam a2200421 i 4500
001 - CONTROL NUMBER
control field 19393647
003 - CONTROL NUMBER IDENTIFIER
control field NUST
005 - DATE AND TIME OF LATEST TRANSACTION
control field 20210112133156.0
008 - FIXED-LENGTH DATA ELEMENTS--GENERAL INFORMATION
fixed length control field 161202s2018 mau 001 0 eng
010 ## - LIBRARY OF CONGRESS CONTROL NUMBER
LC control number 2016055262
020 ## - INTERNATIONAL STANDARD BOOK NUMBER
International Standard Book Number 9781292253220 (Global edition)
020 ## - INTERNATIONAL STANDARD BOOK NUMBER
International Standard Book Number 1292253223
020 ## - INTERNATIONAL STANDARD BOOK NUMBER
International Standard Book Number 9780134439099 (instructor's edition)
020 ## - INTERNATIONAL STANDARD BOOK NUMBER
International Standard Book Number 0134438981 (instructor's edition)
038 ## - RECORD CONTENT LICENSOR
Staff Name SNS Library Staff
040 ## - CATALOGING SOURCE
Original cataloging agency DLC
Language of cataloging eng
Transcribing agency DLC
Description conventions rda
Modifying agency DLC
042 ## - AUTHENTICATION CODE
Authentication code pcc
050 00 - LIBRARY OF CONGRESS CALL NUMBER
Classification number QA303.2
Item number .W45 2018
082 00 - DEWEY DECIMAL CLASSIFICATION NUMBER
Classification number 515 THO 2020
Edition number 23
Author Mark THO
100 ## - MAIN ENTRY--PERSONAL NAME
Relator code Hass. Heil. Weir
245 00 - TITLE STATEMENT
Title Thomas' Calculus
Statement of responsibility, etc. based on the original work by George B. Thomas, Jr., Massachusetts Institute of Technology, as revised by Joel Hass, University of California, Davis, Christopher Heil, Georgia Institute of Technology, Maurice D. Weir, Naval Postgraduate School.
250 ## - EDITION STATEMENT
Edition statement Fourteenth edition.
264 #1 - PRODUCTION, PUBLICATION, DISTRIBUTION, MANUFACTURE, AND COPYRIGHT NOTICE
Place of production, publication, distribution, manufacture [Boston?] :
Name of producer, publisher, distributor, manufacturer Pearson,
Date of production, publication, distribution, manufacture, or copyright notice [2020]
300 ## - PHYSICAL DESCRIPTION
Extent 1052 + (various paging's) :
Other physical details illustratrions ;
Dimensions 29 cm
336 ## - CONTENT TYPE
Content type term text
Content type code txt
Source rdacontent
337 ## - MEDIA TYPE
Media type term unmediated
Media type code n
Source rdamedia
338 ## - CARRIER TYPE
Carrier type term volume
Carrier type code nc
Source rdacarrier
440 ## - SERIES STATEMENT/ADDED ENTRY--TITLE
Title Thomas' Calculus
9 (RLIN) 35596
500 ## - GENERAL NOTE
General note Includes index.
650 #0 - SUBJECT ADDED ENTRY--TOPICAL TERM
Topical term or geographic name entry element Calculus
Form subdivision Textbooks.
9 (RLIN) 4507
650 #0 - SUBJECT ADDED ENTRY--TOPICAL TERM
Topical term or geographic name entry element Geometry, Analytic
Form subdivision Textbooks.
9 (RLIN) 4508
700 1# - ADDED ENTRY--PERSONAL NAME
Personal name Hass, Joel.
9 (RLIN) 4510
700 1# - ADDED ENTRY--PERSONAL NAME
Personal name Heil, Christopher,
Dates associated with a name 1960-
9 (RLIN) 18020
700 1# - ADDED ENTRY--PERSONAL NAME
Personal name Weir, Maurice D.
9 (RLIN) 4506
906 ## - LOCAL DATA ELEMENT F, LDF (RLIN)
a 7
b cbc
c orignew
d 1
e ecip
f 20
g y-gencatlg
942 ## - ADDED ENTRY ELEMENTS (KOHA)
Source of classification or shelving scheme
Koha item type Book
Call number prefix 515 THO 2020
Holdings
Withdrawn status Lost status Source of classification or shelving scheme Damaged status Not for loan Permanent Location Current Location Shelving location Date acquired Total Checkouts Full call number Barcode Date last seen Date last checked out Price effective from Koha item type Total Renewals Checked out
        Not For Loan School of Natural Sciences (SNS) School of Natural Sciences (SNS) Reference 10/28/2020 1 515 THO 2020 SNS0003177 12/22/2025 12/29/2022 01/12/2021 Book    
          School of Natural Sciences (SNS) School of Natural Sciences (SNS)   10/28/2020 2 515 THO 2020 SNS0003178 11/28/2022 11/28/2022 01/12/2021 Book 1 12/28/2022
          School of Natural Sciences (SNS) School of Natural Sciences (SNS)   10/28/2020 5 515 THO 2020 SNS0003179 03/06/2026 01/05/2026 01/12/2021 Book    
          School of Natural Sciences (SNS) School of Natural Sciences (SNS)   10/28/2020 3 515 THO 2020 SNS0003180 09/01/2021 09/01/2021 01/12/2021 Book 1 12/30/2021
          School of Natural Sciences (SNS) School of Natural Sciences (SNS)   10/28/2020 13 515 THO 2020 SNS0003181 01/20/2026 01/20/2026 01/12/2021 Book 2 02/19/2026
© 2023 Central Library, National University of Sciences and Technology. All Rights Reserved.